000 00487nam a22001691a 4500
020 _a9788120814462
082 _a491.435
_bRAJ/H
100 _aRajendra Singh
_988176
245 _aHindi Morphology :
_ba word-based description/
_cby Rajendra Singh
260 _aNew Delhi:
_bMotilal Banarsidass,
_c1997.
300 _a205p.
650 _aMorphology Hindi
_988177
650 _aLanguage Hindi
_988178
650 _aLanguage
_988179
700 _aRama Kant Agnihotri
_988180
942 _cBK
999 _c17594
_d17594